000 00604nam a22001937a 4500
003 dpl
005 20180709171431.0
008 180709b xxu||||| |||| 00| 0 eng d
020 _a9788177080940
_c580.00
035 _aB-159718
040 _aDPL
_bEN
_c0
082 _a658.8342
_bGUP
100 _aGupta, S.S.
_qSoma Sen
245 _aConsumer Behaviour
_c/by Soma Sen Gupta
260 _aNew Delhi
_bNew Century Publications
_c2005
270 _a4800/24, Bharat Ram Road, Ansari road, Daryaganj
_bNew Delhi
_c110002
300 _aviii,297p.
_c22cm.
942 _2ddc
_cEN
_h658.8342
_mGUP
999 _c153690
_d153690